| 000 | 00767cab a2200205 4500 | ||
|---|---|---|---|
| 001 | WB2901-76 | ||
| 008 | 090401t1993 xxu||||| |||| 00| 0 eng d | ||
| 035 | _a(Sirsi) u18712 | ||
| 041 | _aeng | ||
| 245 | _aSkills panels decide priorities | ||
| 260 | _c1993 | ||
| 350 | _a0 | ||
| 490 |
_aCS Monthly : General Practice _v2(4) January 1993, 2(1) |
||
| 520 | _aSeven skills panels covering agency, housing, investment and financial services, leisure and licenced property, machinery and equipment, auctioneering, and residential valuation and survey, have published their objectives and fields of expertise. | ||
| 650 | _aRICS | ||
| 650 | _aSKILLS PANELS | ||
| 690 | _aMANAGEMENT-BUSINESS MANAGEMENT-PROFESSIONAL PRACTICE | ||
| 942 | _n0 | ||
| 948 | _c04/03/1997 | ||
| 999 |
_c12454 _d12454 |
||